| 000 -LEADER |
| fixed length control field |
00943nam a22002897a 4500 |
| 008 - FIXED-LENGTH DATA ELEMENTS--GENERAL INFORMATION |
| fixed length control field |
131107b xxu||||| |||| 00| 0 ger d |
| 020 ## - INTERNATIONAL STANDARD BOOK NUMBER |
| International Standard Book Number |
383050960X |
| 020 ## - INTERNATIONAL STANDARD BOOK NUMBER |
| International Standard Book Number |
3708301684 |
| 020 ## - INTERNATIONAL STANDARD BOOK NUMBER |
| International Standard Book Number |
3725548889 |
| 041 0# - LANGUAGE CODE |
| Language code of text/sound track or separate title |
ger |
| 080 ## - UNIVERSAL DECIMAL CLASSIFICATION NUMBER |
| Universal Decimal Classification number |
334.7 |
| Common auxiliary subdivision |
(4) |
| 100 ## - Rafti |
| Rafti |
Benedek, Wolfgang |
| 245 14 - TITLE STATEMENT |
| Title |
Die Europäische Union im Streitbeilegungsverfahren der WTO / |
| Statement of responsibility, etc |
Wolfgang Benedek. |
| 260 ## - |
| -- |
Wien : |
| -- |
NWV ; |
| 260 ## - |
| -- |
Zürich : |
| -- |
Schulthess ; |
| 260 ## - |
| -- |
Berlin : |
| -- |
BWV, |
| -- |
2005. |
| 300 ## - |
| -- |
356 f. : |
| -- |
me il. ; |
| -- |
22 cm. |
| 490 ## - |
| -- |
Schriftenreihe Europarecht ; |
| -- |
Band. 5 |
| 500 ## - |
| -- |
Vorwort = Parathënie : f. 5 - 6 |
| 505 ## - |
| -- |
Literaturverzeichnis : f. 339 - 348 |
| 505 ## - |
| -- |
Stichwortverzeichnis : f. 355-356 |
| 610 ## - |
| -- |
Organizata Botërore e Tregëtisë |
| -- |
Rregullat dhe praktikat |
| 610 ## - |
| -- |
Bashkimi Europian |
| 650 ## - |
| -- |
Arbitrazhi Industrial |
| 650 ## - |
| -- |
Rregullat e Tregëtisë së Jashtme |
| 942 ## - ADDED ENTRY ELEMENTS (KOHA) |
| Source of classification or shelving scheme |
|
| Item type |
Books |